[Event "AUTO-INT-1667"]
[Site "http://www.queenalice.com/game.php?id=758248"]
[Date "2010.4.8"]
[Round "1"]
[White "jeancarlo1910"]
[Black "Kavorka"]
[Result "0-1"]
[WhiteElo "1556"]
[BlackElo "1739"]

1. e4 e5 2. Nc3 a5 3. Nf3 d6 4. Bc4 c6 5. d3 b5 6. Bxf7+ Kxf7 7. Ng5+ Ke8 8. Qf3
Nf6 9. Qg3 h6 10. f4 hxg5 11. fxg5 Nh5 12. Qh4 g6 13. Be3 Bg7 14. O-O-O Nf4 15.
Qf2 Qxg5 16. h4 Qxg2 17. Qxg2 Nxg2 18. Bg5 Nd7 19. Rh2 Nf4 20. Bxf4 exf4 21. Rf1
g5 22. h5 Ne5 23. Kb1 Bg4 24. b3 Rxh5 25. Rxh5 Bxh5 0-1

[Event "HSIM Challenge"]
[Site "http://www.queenalice.com/game.php?id=769198"]
[Date "2010.5.1"]
[Round "2"]
[White "Kavorka"]
[Black "Racey"]
[Result "1-0"]
[WhiteElo "1819"]
[BlackElo "1247"]

1. e4 e5 2. b3 Qf6 3. Bb2 Bc5 4. Qf3 Qg5 5. Bc4 Nf6 6. Nh3 Qh4 7. Bxe5 Nxe4 8.
Qxf7+ Kd8 9. Bg3 Qh6 10. Bf4 g5 11. Be3 g4 12. Bxh6 gxh3 13. g3 Bxf2+ 14. Kd1
Bd4 15. Re1 Nc6 16. Rxe4 Bxa1 17. Bg5+ Bf6 18. Bxf6+ Ne7 19. Bxe7# 1-0

[Event "Challenge"]
[Site "http://www.queenalice.com/game.php?id=776976"]
[Date "2010.5.17"]
[Round "-"]
[White "Racey"]
[Black "Kavorka"]
[Result "0-1"]
[WhiteElo "1360"]
[BlackElo "1835"]

1. e4 d5 2. Bd3 d4 3. e5 e6 4. Bb5+ Bd7 5. Bc4 b5 6. Be2 Bc6 7. f3 Bc5 8. h4 Nd7
9. g4 Nxe5 10. h5 Nxg4 11. Rh3 N4f6 12. f4 Ne7 13. Bd3 O-O 14. c4 dxc3 15. bxc3
Bxg1 16. Rg3 Bh2 17. Rf3 Bxf3 18. Qxf3 Qd5 19. Qf2 Ng4 20. Qh4 Qxd3 21. Qxg4
Bg3+ 22. Kd1 Qf1+ 23. Kc2 Qxf4 24. Qe2 c6 25. d4 Qf5+ 26. Kb2 Nd5 27. h6 g6 28.
Qg2 Qf2+ 29. Qxf2 Bxf2 30. Nd2 Ne3 31. Ne4 Nc4+ 32. Kc2 f5 33. Ng5 Rfe8 34. Nh3
Bh4 35. Kb3 a5 36. Bf4 e5 37. Bh2 exd4 38. cxd4 Re3+ 39. Kc2 Rxh3 40. Bf4 Re8
41. a4 Re2+ 42. Kb1 Rh1+ 43. Bc1 Rb2# 0-1

[Event "Let's Play Chess!"]
[Site "http://www.queenalice.com/game.php?id=780717"]
[Date "2010.5.26"]
[Round "-"]
[White "Kavorka"]
[Black "plonius"]
[Result "0-1"]
[WhiteElo "1815"]
[BlackElo "2249"]

1. e4 c6 2. d4 d5 3. e5 c5 4. dxc5 e6 5. b4 Nc6 6. Bb5 a5 7. Bxc6+ bxc6 8. Bd2
axb4 9. Bxb4 Qh4 10. c3 Qe4+ 11. Qe2 Qxg2 12. Qf3 Qg5 13. Qe3 Qxe3+ 14. fxe3 Nh6
15. h3 f5 16. Ne2 Nf7 17. a3 Nxe5 18. Nf4 g5 19. Ng2 Nd3+ 20. Kd2 Nxc5 21. Bxc5
Bxc5 22. h4 g4 23. h5 e5 24. a4 O-O 25. h6 f4 26. exf4 exf4 27. Rh5 f3 28. Rg5+
Kh8 29. Ne3 f2 30. Nf1 Re8 31. Kc2 Re1 32. Ng3 Bd6 33. Nd2 Rxa1 34. Ngf1 R8xa4
35. Ne3 Bf4 36. Nxg4 R1a2+ 37. Kb3 R4a3+ 0-1

[Event "AUTO-INT-1663"]
[Site "http://www.queenalice.com/game.php?id=794569"]
[Date "2010.6.24"]
[Round "2"]
[White "callende"]
[Black "Kavorka"]
[Result "1-0"]
[WhiteElo "2037"]
[BlackElo "1879"]

1. d4 d5 2. c4 c6 3. a4 dxc4 4. Nc3 Nf6 5. e4 e5 6. d5 cxd5 7. exd5 Bb4 8. Bg5
Bxc3+ 9. bxc3 Qxd5 10. Qxd5 Nxd5 11. O-O-O f6 12. Rxd5 fxg5 13. Rxe5+ Kf7 14.
Bxc4+ Kf6 15. Re3 Bd7 16. Rf3+ Ke5 17. Bb3 g6 18. h3 Bc6 19. Re3+ Kf6 20. Nf3
Bxf3 21. Rxf3+ Kg7 22. Bd5 Nc6 23. Rf7+ Kh6 24. Rxb7 Rac8 25. h4 g4 26. Be6 Rb8
27. Rc7 Rb6 28. Bxg4 Rhb8 29. Rd1 Rb1+ 30. Kd2 R8b2+ 31. Ke3 Rxd1 32. Bxd1 Rb6
33. g4 g5 34. f4 Kg6 35. Bc2+ Kf6 36. hxg5+ Ke6 37. Bf5+ Kd6 38. Rxh7 Kc5 39.
Bd3 a5 40. g6 Rb8 41. Rh5+ Kd6 42. f5 Re8+ 43. Kf4 Ne5 44. Bb5 Rg8 45. Kg5 Ke7
46. Rh7+ Kf8 47. Kf4 Nxg6+ 48. fxg6 Rxg6 49. Kf5 Rd6 50. c4 Kg8 51. Rd7 Rb6 52.
g5 Rb8 53. g6 Rf8+ 54. Rf7 Rb8 55. c5 Rd8 56. c6 Rd5+ 57. Ke6 Rd1 58. c7 Re1+
59. Kd6 Rd1+ 60. Kc6 1-0

[Event "AUTO-INT-1663"]
[Site "http://www.queenalice.com/game.php?id=794570"]
[Date "2010.6.24"]
[Round "2"]
[White "Kavorka"]
[Black "callende"]
[Result "1-0"]
[WhiteElo "1855"]
[BlackElo "2061"]

1. e4 d5 2. e5 Bf5 3. d4 e6 4. Bb5+ c6 5. Bd3 h6 6. Bxf5 exf5 7. Bd2 Ne7 8. Bb4
Qb6 9. Bc3 Ng6 10. Qd2 Nd7 11. b4 c5 12. bxc5 Bxc5 13. dxc5 Nxc5 14. Nf3 Ne4 15.
Qd4 Qc7 16. Qa4+ Qc6 17. Qxc6+ bxc6 18. Bd4 Nf4 19. O-O O-O 20. Kh1 Ne6 21. c3
Rfb8 22. Nfd2 c5 23. Nxe4 cxd4 24. Nd6 g6 25. c4 Rb2 26. cxd5 Nf4 27. Nc4 Rb4
28. Nbd2 Nxd5 29. Rfb1 a5 30. Rxb4 axb4 31. Nb3 Rc8 32. Nbd2 Nc3 33. Nd6 Ra8 34.
Nb3 d3 35. Nd2 Kf8 36. f4 Ke7 37. g3 Rb8 38. Kg2 Nd5 39. Kf2 Ke6 40. N2c4 f6 41.
Rb1 Nc3 42. Ra1 g5 43. exf6 Kxf6 44. Ke3 Nd5+ 45. Kxd3 Rd8 46. fxg5+ hxg5 47.
Kd4 Nc3 48. Kc5 Rb8 49. Kd4 Rh8 50. Kc5 Rxh2 51. Kxb4 Nxa2+ 52. Kb3 Rg2 53. Rf1
Nc1+ 54. Rxc1 Rxg3+ 55. Kb4 Rg4 56. Re1 f4 57. Ne8+ Kf5 58. Ncd6+ 1-0

[Event "AUTO-INT-1667"]
[Site "http://www.queenalice.com/game.php?id=795052"]
[Date "2010.6.26"]
[Round "2"]
[White "kookaburra"]
[Black "Kavorka"]
[Result "1/2-1/2"]
[WhiteElo "2129"]
[BlackElo "1821"]

1. e4 e5 2. Nf3 d6 3. d4 exd4 4. Nxd4 a6 5. c4 c5 6. Nf3 Nc6 7. Nc3 Bg4 8. Be2
Nf6 9. O-O Be7 10. Be3 O-O 11. h3 Be6 12. Ng5 Bd7 13. Nf3 Ne8 14. Nd5 Nf6 15.
Bd3 Nxd5 16. exd5 Ne5 17. Nxe5 dxe5 18. f4 Qc7 19. Qc2 f5 20. fxe5 Qxe5 21. Bf4
Qd4+ 22. Kh1 g6 23. Rad1 Qf6 24. Rde1 Bd6 25. Qd2 Bxf4 26. Rxf4 Rae8 27. Rxe8
Rxe8 28. Rf2 Kg7 29. g3 h5 30. h4 Re5 31. Kg2 Qe7 32. Re2 Rxe2+ 33. Qxe2 Qxe2+
34. Bxe2 Kf6 35. Kf2 Ke5 36. Ke3 b5 37. b3 b4 38. Bf3 a5 39. Bg2 a4 40. Bf3 a3
1/2-1/2

[Event "AUTO-INT-1667"]
[Site "http://www.queenalice.com/game.php?id=795053"]
[Date "2010.6.26"]
[Round "2"]
[White "Kavorka"]
[Black "kookaburra"]
[Result "0-1"]
[WhiteElo "1833"]
[BlackElo "2135"]

1. e4 d5 2. e5 c5 3. Bb5+ Nc6 4. Bxc6+ bxc6 5. d3 Qc7 6. Bf4 Qb6 7. b3 e6 8. c3
Ne7 9. Be3 Nf5 10. Qd2 Ba6 11. Na3 Qc7 12. f4 c4 13. Nc2 cxd3 14. Nd4 Nxe3 15.
Qxe3 c5 16. Ndf3 d4 17. Qe4 Rd8 18. c4 Be7 19. Qxd3 Bb7 20. h4 h5 21. Nh3 Bxf3
22. gxf3 Bxh4+ 23. Ke2 g6 24. Nf2 Bxf2 25. Kxf2 Qc6 26. a3 a5 27. a4 Rb8 28.
Rab1 Ke7 29. Rb2 Qb7 30. Qe4 Qxe4 31. fxe4 Rb4 32. Kg3 Rhb8 33. Rhb1 f6 34. Kh4
Kf7 35. Rg2 Rxb3 36. Rxb3 Rxb3 37. exf6 Kxf6 38. Rg5 Rf3 39. Rxc5 Rxf4+ 40. Kh3
Rxe4 41. Rxa5 d3 42. Rb5 d2 0-1

[Event "AUTO-INT-1667"]
[Site "http://www.queenalice.com/game.php?id=795054"]
[Date "2010.6.26"]
[Round "2"]
[White "jocapeme"]
[Black "Kavorka"]
[Result "0-1"]
[WhiteElo "1423"]
[BlackElo "1882"]

1. e4 e5 2. Nf3 Nc6 3. Bc4 h6 4. Nc3 Nf6 5. O-O a6 6. Nd5 b5 7. Bb3 a5 8. d4 a4
9. Nxf6+ gxf6 10. Bd5 Qe7 11. Be3 Rb8 12. Qd2 Nb4 13. c3 Nxd5 14. exd5 Qd6 15.
Rac1 Qxd5 16. Rfe1 e4 17. Nh4 Qxa2 18. Ra1 Qd5 19. f3 f5 20. Bf4 d6 21. Re3 Bg7
22. Ra3 O-O 23. Qc2 Be6 24. Kf2 Kh7 25. h3 Bf6 26. g4 Bxh4+ 27. Kg2 exf3+ 28.
Rxf3 Rg8 29. b3 axb3 30. Rxb3 Qxb3 31. Qd3 h5 32. g5 Bxg5 33. Kg3 h4+ 34. Kf2
Ra8 35. Ke3 Bxf4+ 36. Kxf4 f6 37. Qe3 Rae8 38. Qf2 Rg3 39. Rxg3 hxg3 40. Qxg3
Rg8 41. Qh4+ Kg7 42. Qg3+ Kf7 43. Qf3 Qd5 44. Qh5+ Ke7 45. Qh7+ Bf7 46. Qxf5
Qxf5+ 47. Kxf5 Rg3 48. h4 Rxc3 49. Kg4 b4 50. h5 Bxh5+ 51. Kf5 b3 0-1

[Event "AUTO-INT-1667"]
[Site "http://www.queenalice.com/game.php?id=795055"]
[Date "2010.6.26"]
[Round "2"]
[White "Kavorka"]
[Black "jocapeme"]
[Result "1-0"]
[WhiteElo "1897"]
[BlackElo "1438"]

1. e4 e5 2. c4 Bc5 3. Nf3 Nc6 4. a3 Nf6 5. d3 O-O 6. Nc3 d6 7. h3 Nd4 8. Na4 b6
9. Nxc5 bxc5 10. Nxd4 cxd4 11. Bd2 Bb7 12. Bb4 Re8 13. Qb3 c5 14. Bd2 Rb8 15.
Qc2 Bc6 16. Be2 Rb6 17. O-O d5 18. cxd5 Bd7 19. Ba5 Qb8 20. Bxb6 axb6 21. b4 Rc8
22. bxc5 Rxc5 23. Qd2 h6 24. Rfc1 g6 25. Rxc5 bxc5 26. Qc2 Qb6 27. Rb1 Qc7 28.
Rc1 Qa5 29. Qxc5 Qd2 30. Bf1 Bb5 31. Qxb5 Qxc1 32. Qb8+ Kg7 33. Qxe5 Qb2 34. d6
Qb8 35. Qxd4 g5 36. e5 Nh5 37. e6+ f6 38. g3 Kg6 39. Be2 Qb1+ 40. Kg2 Qa2 41. e7
Qxe2 42. d7 Kf7 43. d8=Q Qxe7 44. Qxe7+ Kxe7 45. a4 Ng7 46. a5 Ne6 47. Qe4 Kd6
48. Qb4+ Nc5 49. a6 Kd5 50. a7 Nxd3 51. a8=Q+ 1-0

[Event "AUTO-ADV-1716"]
[Site "http://www.queenalice.com/game.php?id=804355"]
[Date "2010.7.16"]
[Round "2"]
[White "RIVAS"]
[Black "Kavorka"]
[Result "0-1"]
[WhiteElo "2078"]
[BlackElo "1829"]

1. e4 b6 2. g3 Bb7 3. Bg2 e5 4. Nc3 Nf6 5. Nf3 Nxe4 6. Qe2 d6 7. O-O Nxc3 8.
bxc3 g6 9. d4 e4 10. Qxe4+ Bxe4 0-1

[Event "AUTO-ADV-1716"]
[Site "http://www.queenalice.com/game.php?id=804356"]
[Date "2010.7.16"]
[Round "2"]
[White "Kavorka"]
[Black "RIVAS"]
[Result "0-1"]
[WhiteElo "1896"]
[BlackElo "2176"]

1. e4 c5 2. d4 cxd4 3. Qxd4 Nc6 4. Qd1 Nf6 5. Nc3 d6 6. Bb5 e6 7. Bxc6+ bxc6 8.
Nf3 e5 9. Bg5 Be7 10. h3 Ba6 11. Qd2 O-O 12. Bxf6 Bxf6 13. O-O-O Be7 14. g4 Bc4
15. b3 Be6 16. Qd3 Qc7 17. Kb1 a5 18. Qe3 Rfb8 19. Kb2 a4 20. Nd2 d5 21. exd5
cxd5 22. Ncb1 d4 23. Qd3 Qa5 24. Nc4 Bxc4 25. Qxc4 axb3 26. cxb3 Qxa2+ 27. Kc1
Rc8 28. Rd2 Rxc4+ 29. bxc4 Ba3+ 30. Nxa3 Qxa3+ 31. Kc2 Qc3+ 0-1

[Event "AUTO-ADV-1716"]
[Site "http://www.queenalice.com/game.php?id=804357"]
[Date "2010.7.16"]
[Round "2"]
[White "robinud"]
[Black "Kavorka"]
[Result "1-0"]
[WhiteElo "1862"]
[BlackElo "1899"]

1. e4 e5 2. Bc4 b6 3. Nf3 d6 4. c3 Bd7 5. d4 exd4 6. cxd4 b5 7. Bd5 c6 8. Bxf7+
Kxf7 9. Ng5+ Ke8 10. O-O Qe7 11. Re1 h6 12. Qh5+ Kd8 13. Nf7+ Kc8 14. Nxh8 Be8
15. Qg4+ Kb7 16. Nc3 b4 17. Ne2 Nf6 18. Qf5 Qxe4 19. Qxe4 Nxe4 20. Nf4 d5 21. f3
Nd6 22. Ne6 Nd7 23. b3 Kb6 24. a3 Nf5 25. a4 a5 26. g4 Nh4 27. Kf2 Bd6 28. Bf4
Bxf4 29. Nxf4 g5 30. Ne6 Nf6 31. Kg3 Ra7 32. Nc5 Ra8 33. Re7 Ra7 34. Re6 Nd7 35.
Rxe8 Nxc5 36. dxc5+ Kxc5 37. Rc1+ Kd6 38. Rce1 d4 39. R8e6+ Kc5 40. Rc1+ Kd5 41.
Rcxc6 Rd7 42. Rxh6 Re7 43. Ra6 Nxf3 44. Kxf3 Re3+ 45. Kf2 Rxb3 46. Rxa5+ Ke4 47.
Rxg5 Kf4 48. Nf7 Rb2+ 49. Ke1 d3 50. Rf6+ Ke3 51. Re5+ Kd4 52. Rd6+ Kc3 53. Rc5+
Kb3 54. a5 Re2+ 55. Kd1 Ra2 56. Rxd3+ Ka4 57. Rd2 b3 58. Rxa2+ bxa2 59. Rc1 Kb3
60. Ra1 Kb2 61. Rxa2+ 1-0

[Event "AUTO-ADV-1716"]
[Site "http://www.queenalice.com/game.php?id=804358"]
[Date "2010.7.16"]
[Round "2"]
[White "Kavorka"]
[Black "robinud"]
[Result "1-0"]
[WhiteElo "1874"]
[BlackElo "1853"]

1. e4 e5 2. Nf3 d6 3. Bc4 h6 4. O-O Nf6 5. d3 a6 6. b4 b5 7. Bd5 Nxd5 8. exd5
Be7 9. Nc3 O-O 10. h3 c6 11. dxc6 Nxc6 12. Nd5 Be6 13. Nxe7+ Qxe7 14. c3 a5 15.
bxa5 Nxa5 16. Ba3 Qf6 17. Bxd6 Rfd8 18. Bxe5 Qg6 19. d4 Nc4 20. Nh4 Qg5 21. Nf3
Qg6 22. Bg3 Ra3 23. Qc1 Bd5 24. Ne5 Nxe5 25. dxe5 Qe4 26. f3 Qd3 27. Qxa3 Ra8
28. Qb2 Qc4 29. a3 Qc5+ 30. Bf2 Qe7 31. Qxb5 Rxa3 32. Qxd5 1-0

[Event "AUTO-INT-1664"]
[Site "http://www.queenalice.com/game.php?id=806949"]
[Date "2010.7.22"]
[Round "2"]
[White "amigo"]
[Black "Kavorka"]
[Result "0-1"]
[WhiteElo "1594"]
[BlackElo "1893"]

1. e4 e5 2. Nf3 d6 3. Bc4 Bg4 4. O-O Qf6 5. d3 Bxf3 6. Qxf3 Qxf3 7. gxf3 Nd7 8.
Nc3 c6 9. Bg5 f6 10. Be3 a5 11. a3 b5 12. Bb3 a4 13. Ba2 g5 14. Kg2 Ne7 15. d4
exd4 16. Bxd4 Bg7 17. Rad1 O-O-O 18. b3 Kb7 19. bxa4 c5 20. Be3 bxa4 21. Nxa4
Kc7 22. Rb1 Ra8 23. Nc3 Kc6 24. a4 h6 25. Rfd1 Ng6 26. Bd5+ Kc7 27. Bxa8 Rxa8
28. Nb5+ Kd8 29. Rxd6 Rxa4 30. Rbd1 Ne5 31. Bxc5 Ra2 32. Nd4 Ke8 33. Bb4 Kf7 34.
c3 Ra4 35. Nf5 Nb8 0-1

[Event "AUTO-INT-1664"]
[Site "http://www.queenalice.com/game.php?id=806950"]
[Date "2010.7.22"]
[Round "2"]
[White "Kavorka"]
[Black "amigo"]
[Result "1-0"]
[WhiteElo "1889"]
[BlackElo "1598"]

1. e4 c5 2. a3 Nc6 3. Bc4 d6 4. c3 e6 5. b4 Nf6 6. d3 Be7 7. Nf3 O-O 8. O-O a6
9. b5 axb5 10. Bxb5 Bd7 11. a4 Na7 12. Bxd7 Qxd7 13. c4 Nc6 14. h3 h6 15. Nc3
Nh7 16. Bb2 f5 17. exf5 Rxf5 18. Ne2 Raf8 19. Ng3 R5f7 20. Nh5 e5 21. Qe2 Ng5
22. Nxg5 Bxg5 23. f3 g6 24. Ng3 Ne7 25. Ne4 Bf4 26. Bc1 Nf5 27. Bxf4 exf4 28.
Qb2 Nd4 29. Nc3 Re8 30. Nd5 Re2 31. Qb1 Kg7 32. Rf2 Qe6 33. Rxe2 Qxe2 34. Ra2
Qe5 35. Qd1 1-0

[Event "AUTO-INT-1664"]
[Site "http://www.queenalice.com/game.php?id=806953"]
[Date "2010.7.22"]
[Round "2"]
[White "Kavorka"]
[Black "paco78"]
[Result "1-0"]
[WhiteElo "1869"]
[BlackElo "1594"]

1. e4 e5 2. Nf3 Nc6 3. Bb5 a6 4. Bxc6 bxc6 5. Nxe5 Qe7 6. Ng4 Qxe4+ 7. Ne3 Nf6
8. d3 Qg6 9. O-O Bb7 10. Re1 c5 11. f3 Be7 12. Nc4 Nd5 13. Rxe7+ Nxe7 14. Qe2
Bd5 15. Nc3 Be6 16. b3 Bh3 17. g4 d6 18. Nd5 Qe6 19. Nxc7+ Kd7 20. Nxe6 fxe6 21.
Nb6+ Kc6 22. Nxa8 Rxa8 23. Qe4+ Nd5 24. c4 g6 25. Qxe6 Nb4 26. Qe4+ d5 27. Qe6+
Kc7 28. Bf4+ Kb7 29. Qd7+ Kb6 30. Qc7# 1-0

[Event "AUTO-INT-1664"]
[Site "http://www.queenalice.com/game.php?id=806954"]
[Date "2010.7.22"]
[Round "2"]
[White "paco78"]
[Black "Kavorka"]
[Result "0-1"]
[WhiteElo "1785"]
[BlackElo "1884"]

1. e4 e5 2. Nf3 Nc6 3. Bc4 h6 4. O-O Nf6 5. Nc3 d6 6. d3 Bg4 7. Be3 Nd4 8. Bxd4
exd4 9. Nd5 c6 10. Nxf6+ Qxf6 11. h3 Bxf3 12. Qxf3 Qxf3 13. gxf3 b5 14. Bb3 Be7
15. f4 O-O 16. a4 b4 17. a5 a6 18. e5 d5 19. Rfe1 g6 20. e6 f6 21. Ba4 c5 22.
Bc6 Rad8 23. Bb7 Rd6 24. b3 Rb8 25. Bxd5 Rxd5 26. Kg2 Rf5 27. Re4 Kf8 28. h4 Rd8
29. Kh3 Rh5 30. Rg1 f5 31. Re2 Rxh4+ 32. Kg3 Rg4+ 33. Kh2 Rxg1 34. Kxg1 Rd6 35.
Kg2 Kg7 36. Re5 Rc6 37. Kf1 Kf6 38. f3 g5 39. Re2 gxf4 40. Rh2 Kg7 41. Re2 h5
42. Rh2 h4 43. Re2 Rc8 44. Kg1 Rb8 45. Kh2 Rb5 46. Kh3 Rxa5 47. Rg2+ Kh7 48. Re2
Rb5 49. Re5 Kg6 50. Rd5 Rb6 51. Re5 Kf6 52. Re1 Rxe6 53. Rxe6+ Kxe6 54. Kh2 Kd5
55. Kg2 a5 56. Kf2 c4 57. Ke2 c3 58. Ke1 Kc5 59. Ke2 Kb5 60. Ke1 a4 61. bxa4+
Kxa4 62. Ke2 Ka3 63. Ke1 Kb2 64. Kd1 h3 0-1